<?xml version="1.0" encoding="UTF-8"?>
<record
    xmlns:xsi="http://www.w3.org/2001/XMLSchema-instance"
    xsi:schemaLocation="http://www.loc.gov/MARC21/slim http://www.loc.gov/standards/marcxml/schema/MARC21slim.xsd"
    xmlns="http://www.loc.gov/MARC21/slim">

  <leader>01370cam a22002058i 4500</leader>
  <controlfield tag="005">20260623162010.0</controlfield>
  <datafield tag="020" ind1=" " ind2=" ">
    <subfield code="a">9781009460835</subfield>
  </datafield>
  <datafield tag="020" ind1=" " ind2=" ">
    <subfield code="a">9781009460842</subfield>
  </datafield>
  <datafield tag="082" ind1="0" ind2="0">
    <subfield code="a">297.272 095 5</subfield>
    <subfield code="2">23/eng/20231213</subfield>
  </datafield>
  <datafield tag="100" ind1="1" ind2=" ">
    <subfield code="a">Kamrava, Mehran,</subfield>
    <subfield code="e">author.</subfield>
    <subfield code="9">16900</subfield>
  </datafield>
  <datafield tag="245" ind1="1" ind2="0">
    <subfield code="a">How Islam rules in Iran :</subfield>
    <subfield code="b">theology and theocracy in the Islamic Republic /</subfield>
    <subfield code="c">by Mehran Kamrava, Georgetown University, Doha.</subfield>
  </datafield>
  <datafield tag="260" ind1=" " ind2=" ">
    <subfield code="a">. - UK</subfield>
    <subfield code="b">: Cambridge University Press</subfield>
    <subfield code="c">, 2024</subfield>
  </datafield>
  <datafield tag="300" ind1=" " ind2=" ">
    <subfield code="a">ix+354 pages</subfield>
  </datafield>
  <datafield tag="504" ind1=" " ind2=" ">
    <subfield code="a">Includes bibliographical references and index.</subfield>
  </datafield>
  <datafield tag="505" ind1="0" ind2=" ">
    <subfield code="a">1. Introduction --  2. The Setting -- 3. A Question of Jurisprudence -- 4. Social Protection and Guidance -- 5. Rethinking the Islamic Republic -- 6. Theorizing Islamic Democracy -- 7. Legitimate Authority -- 8. Khameneism and the Absolute Velayat-e Faqih -- 9. Whither the Islamic Republic? -- Appendix 1 -- Glossary -- Bibliography.</subfield>
  </datafield>
  <datafield tag="520" ind1=" " ind2=" ">
    <subfield code="a">"Focusing on the jurisprudential and ideological foundations of the Islamic Republic state, this book explores the relationship between Islam and politics in postrevolutionary Iran. It can be read at several levels, from informed observers and specialists to readers interested in Islamic studies, state-religion relations, and Shia jurisprudence"--</subfield>
  </datafield>
  <datafield tag="650" ind1=" " ind2="0">
    <subfield code="a">Islam and state</subfield>
    <subfield code="z">Iran</subfield>
    <subfield code="9">16901</subfield>
  </datafield>
  <datafield tag="650" ind1=" " ind2="0">
    <subfield code="a">Islam and politics</subfield>
    <subfield code="z">Iran</subfield>
    <subfield code="9">16902</subfield>
  </datafield>
  <datafield tag="942" ind1=" " ind2=" ">
    <subfield code="2">ddc</subfield>
    <subfield code="c">BK</subfield>
  </datafield>
  <datafield tag="999" ind1=" " ind2=" ">
    <subfield code="c">760981</subfield>
    <subfield code="d">760981</subfield>
  </datafield>
</record>
